000 00285nam a22001337a 4500
008 170613b xxu||||| |||| 00| 0 eng d
020 _a0026155001
041 _aeng
080 _a32
100 _a19
101 _aSHP
245 _aINSIDE SOVIET ARMY
_cSUVORON.V
942 _2udc
_cBK
999 _c17139
_d17139